América Latina: perspectivas hacia el siglo XXI /
Sin resumen
Guardado en:
| 主要作者: | |
|---|---|
| 格式: | Texto |
| 主题: | |
| 标签: |
添加标签
没有标签, 成为第一个标记此记录!
|
MARC
| LEADER | 00000 a a2200000 04500 | ||
|---|---|---|---|
| 001 | 28 | ||
| 003 | |||
| 040 | |||
| 100 | |a Araya Pochet, Carlos | ||
| 245 | |a América Latina: |b perspectivas hacia el siglo XXI / |c Carlos Araya Pochet | ||
| 520 | |a Sin resumen | ||
| 650 | |a ESTADO | ||
| 650 | |a DEMOCRACIA | ||
| 650 | |a SISTEMAS POLITICOS | ||
| 773 | |g número 13 -14; páginas 363-377 | ||
| 999 | |c 21581 |d 21581 | ||
| 773 | 0 | |0 18806 |9 2087 |a Universidad Nacional de Costa Rica |d Heredia: C.R.: EUNA |o 02253 |t ABRA |x 14093928 | |
